000 00705cam a22002413a 4500
001 27554
003 PGUSA
005 20140828083609.0
008 081217s2008||||xxu|||||s|||||000 1 eng d
040 _aPGUSA
_beng
042 _adc
050 4 _aPR
100 1 _aLeverson, Ada,
_d1862-1933
245 1 4 _aThe Twelfth Hour
_h[electronic resource] /
_cAda Leverson
260 _bProject Gutenberg,
_c2008
506 _aPublic domain in the USA.
516 _aElectronic text
653 _aEngland -- Social life and customs -- 20th century -- Fiction
653 _aLondon (England) -- Fiction
830 0 _aProject Gutenberg
_v27554
856 4 0 _uhttp://www.gutenberg.org/ebooks/27554
942 _cEB
999 _c256809
_d256809